Dibujo y diseño en ingeniería

Bibliographic Details
Main Author: Jensen, Cecil
Format: Section = Libro
Language:Undetermined
Spanish
Published: México McGraw-Hill 2004
Edition:6a.ed.
Subjects:
LEADER 00656nam a2200217Ia 4500
008 240829s9999 xx 000 0 und d
020 |a 970-10-3967-X 
040 |a BIBLIOTECA-RUPAP 604.2 J54 
041 |a spa 
082 |a 604.2 J54 
100 1 |a Jensen, Cecil  
245 1 0 |a Dibujo y diseño en ingeniería 
250 |a 6a.ed. 
260 |a México  |b McGraw-Hill  |c 2004 
300 |a 840 p. :il. 
650 7 |a DIBUJO - INGENIERIA 
650 7 |b  GRAFICOS DE INGENIERIA 
650 7 |c  DIBUJO - ASISTIDO POR COMPUTADORA EJERCICIOS - DIBUJO. I. Helsel, Jay D, coaut. II. Short, Dennis R, coaut. III. Tít. 
942 |c BK  |2 ddc 
991 |a TEXTO 
999 |c 7800